| 000 | 00563nam a2200193 a 4500 | ||
|---|---|---|---|
| 001 | 1276 | ||
| 003 | CDMR | ||
| 005 | 20131004120608.0 | ||
| 008 | 130130s1987||||||||||||||||||||||||||||d | ||
| 020 | _a8476520271 | ||
| 040 |
_aCDMR _bcat _cCDMR |
||
| 100 | 1 |
_aVillafañe, Justo _9993 |
|
| 245 | 1 | 0 |
_aFabricar noticias _b: las rutinas productivas en radio y televisión _cJ. Villafañé, E. Bustamante, E. Prado |
| 260 |
_aBarcelona _c1987 _bMitre |
||
| 490 | 0 | _aNuevos signos | |
| 700 | 1 |
_9125 _aBustamante, Enrique |
|
| 700 | 1 |
_91846 _aPrado, Emilio |
|
| 942 |
_cMON _2udc |
||
| 999 |
_c1276 _d1276 |
||